Boy erased : vite cancellate /

Gespeichert in:
Bibliographische Detailangaben
Hauptverfasser: Jurriaans, Saunder (Komponiert von), Bensi, Danny (Komponiert von)
Weitere Verfasser: Kohansky-Roberts, Kerry (Produziert von), Grau, Eduard (Fotografie), Kidman, Nicole (Schauspielende), Crowe, Russell (Schauspielende), Edgerton, Joel (Schauspielende, Regie, Produziert von, Drehbuch), Dolan, Xavier (Schauspielende), Hedges, Lucas (Schauspielende), Alwyn, Joe (Schauspielende), Golin, Steve (Produziert von)
Format: Abschlussarbeit Dia
Sprache:Italienisch
Mehrsprachig
Veröffentlicht: Italia : Universal Pictures, c2019
Tags: Tag hinzufügen
Keine Tags, Fügen Sie das erste Tag hinzu!

MARC

LEADER 00000ngm a22000007i 4500
001 IT\ICCU\UBO\4406594
003 ItRI
005 20260124182850.0
008 190912s2019 it |||||||||||||||k|||||c
024 3 1 |a 5053083189457 
028 4 2 |a 8318945  |b Universal Pictures 
040 |b ita 
041 7 |a ita  |a mul  |2 ISO-639-2 
082 |a 791.43  |9 CINEMA  |2 21 
130 0 |a Boy Erased <film ; 2018>  |3 IT\ICCU\UBO\4406595 
245 0 0 |a Boy erased :  |b vite cancellate /  |c written and directed by Joel Edgerton ; based on the memoir by Garrard Conley ; director of photography Eduard Grau ; music by Danny Bensi, Saunder Jurriaans ; produced by Kerry Kohansky-Roberts, Steve Golin, Joel Edgerton ; [interpreti] Lucas Hedges, Nicole Kidman, Joel Edgerton ... [et al.]. 
246 1 1 |a Vite cancellate  |9 IT\ICCU\LO1\1781830 
260 |a Italia :  |b Universal Pictures,  |c c2019 
300 |a 1 DVD-video (110 min) :  |b a colori, PAL ;  |c 12 cm 
500 |a Caratteristiche tecniche: regione 2; sistema e formato video: PAL; 1.85:1 anamorphic widescreen; formato audio: Dolby digital 5.1 
500 |a Titolo del contenitore 
500 |a Produzione cinematografica: Australia/USA 2018 
500 |a Lingue: italiano, inglese, tedesco, spagnolo, ceco; sottotitoli: italiano, inglese per non udenti, tedesco, spagnolo, arabo, ceco, danese, finlandese, hindi, islandese, norvegese, portoghese, svedese, turco 
500 |a c2018 Unerased, c2019 Universal Studios 
500 |a Anche sceneggiatore  |0 IT\ICCU\RAVV\390343 
502 |a Contenuti speciali: Scene tagliate ed estese; La verità su Jared; Diventare gli Eamons; Un uomo consumato: Joel Edgerton 
700 1 |a Kohansky-Roberts, Kerry  |0 IT\ICCU\DDSV\398383  |4 pro 
700 1 |a Grau, Eduard  |0 IT\ICCU\LO1V\371023  |4 pht 
700 1 |a Jurriaans, Saunder  |0 IT\ICCU\LO1V\405104  |4 cmp 
700 1 |a Bensi, Danny  |0 IT\ICCU\LO1V\405105  |4 cmp 
700 1 |a Conley, Garrard  |0 IT\ICCU\MODV\667456  |4 ant 
700 1 |a Kidman, Nicole  |0 IT\ICCU\RAVV\098656  |4 act 
700 1 |a Crowe, Russell  |0 IT\ICCU\RAVV\221121  |4 act 
700 1 |a Edgerton, Joel  |0 IT\ICCU\RAVV\390343  |4 act 
700 1 |a Edgerton, Joel  |0 IT\ICCU\RAVV\390343  |4 drt 
700 1 |a Edgerton, Joel  |0 IT\ICCU\RAVV\390343  |4 pro 
700 1 |a Edgerton, Joel  |0 IT\ICCU\RAVV\390343  |4 sce 
700 1 |a Dolan, Xavier  |0 IT\ICCU\RAVV\683262  |4 act 
700 1 |a Hedges, Lucas  |0 IT\ICCU\RAVV\686084  |4 act 
700 1 |a Alwyn, Joe  |0 IT\ICCU\RAVV\690709  |4 act 
700 1 |a Golin, Steve  |0 IT\ICCU\TO0V\092948  |4 pro 
710 2 |a Universal Pictures  |0 IT\ICCU\DDSV\077854  |4 pbl 
791 2 |a Universal pictures International  |3 IT\ICCU\FOGV\240177  |z Universal Pictures 
791 2 |a New Universal Pictures  |3 IT\ICCU\LIGV\125747  |z Universal Pictures 
791 2 |a Universal Film  |3 IT\ICCU\LIGV\125958  |z Universal Pictures 
791 2 |a Universal  |3 IT\ICCU\LIGV\126324  |z Universal Pictures 
791 2 |a Universal City Studios  |3 IT\ICCU\LIGV\126325  |z Universal Pictures 
791 2 |a Universal studios  |3 IT\ICCU\PUGV\004918  |z Universal Pictures 
942 |2 ddc  |c VM  |n 0 
952 |0 0  |1 0  |4 0  |6 VO_2363_000000000000000  |7 0  |9 27240  |a BO  |b BO  |d 2026-01-24  |i 19160  |l 0  |o VO 2363  |p BO19160  |r 2026-01-24 18:28:50  |w 2026-01-24  |x [Sebina 7] [1 dvd]  |y VM  |z 1 dvd 
999 |c 23060  |d 23060